[Event "DEM U10 2025"]
[Site "Willingen GER"]
[Date "2025.06.09"]
[Round "3"]
[White "Gwardak, Jakob"]
[Black "Hou, Minmu"]
[Result "1-0"]
[Termination "normal"]
[Board "13"]
[WhiteElo "1736"]
[BlackElo "1355"]
[WhiteClock "00:27:09"]
[BlackClock "01:12:41"]
[PlyCount "133"]
[WhiteFideId "34670556"]
[BlackFideId "533041490"]
[EventCountry "GER"]
[EventRounds "9"]
[EventType "swiss"]
[EventDate "2025.06.07"]

1. e4 {[%clk 01:30:57]} {[%emt 00:00:02]} e5 {[%clk 01:30:56]} {[%emt
00:00:05]} 2. Nf3 {[%clk 01:31:14]} {[%emt 00:00:12]} Nc6 {[%clk 01:31:10]}
{[%emt 00:00:16]} 3. Bc4 {[%clk 01:31:31]} {[%emt 00:00:13]} Bc5 {[%clk
01:31:32]} {[%emt 00:00:08]} 4. c3 {[%clk 01:30:47]} {[%emt 00:01:14]} Nf6
{[%clk 01:31:36]} {[%emt 00:00:27]} 5. d4 {[%clk 01:30:02]} {[%emt 00:01:14]}
exd4 {[%clk 01:31:49]} {[%emt 00:00:18]} 6. cxd4 {[%clk 01:29:54]} {[%emt
00:00:38]} Bb4+ {[%clk 01:32:02]} {[%emt 00:00:17]} 7. Nc3 {[%clk 01:30:12]}
{[%emt 00:00:12]} Nxe4 {[%clk 01:32:14]} {[%emt 00:00:18]} 8. O-O {[%clk
01:30:24]} {[%emt 00:00:17]} Bxc3 {[%clk 01:32:31]} {[%emt 00:00:13]} 9. d5
{[%clk 01:30:40]} {[%emt 00:00:14]} Bf6 {[%clk 01:32:25]} {[%emt 00:00:37]} 10.
Re1 {[%clk 01:30:56]} {[%emt 00:00:13]} Ne7 {[%clk 01:32:36]} {[%emt 00:00:20]}
11. Rxe4 {[%clk 01:31:15]} {[%emt 00:00:11]} d6 {[%clk 01:32:57]} {[%emt
00:00:09]} 12. Bg5 {[%clk 01:31:04]} {[%emt 00:00:40]} Bxg5 {[%clk 01:33:15]}
{[%emt 00:00:13]} 13. Nxg5 {[%clk 01:30:07]} {[%emt 00:01:26]} h6 {[%clk
01:33:30]} {[%emt 00:00:16]} 14. Qa4+ {[%clk 01:27:47]} {[%emt 00:02:50]} Bd7
{[%clk 01:33:51]} {[%emt 00:00:09]} 15. Qb3 {[%clk 01:27:29]} {[%emt 00:00:46]}
O-O {[%clk 01:33:50]} {[%emt 00:00:32]} 16. Rae1 {[%clk 01:27:26]} {[%emt
00:00:32]} Re8 {[%clk 01:34:14]} {[%emt 00:00:08]} 17. Qxb7 {[%clk 01:23:53]}
{[%emt 00:04:03]} Rb8 {[%clk 01:34:03]} {[%emt 00:00:41]} 18. Qxa7 {[%clk
01:22:49]} {[%emt 00:01:33]} hxg5 {[%clk 01:31:28]} {[%emt 00:03:05]} 19. Rxe7
{[%clk 01:22:36]} {[%emt 00:00:43]} Rxe7 {[%clk 01:27:05]} {[%emt 00:04:53]}
20. Rxe7 {[%clk 01:21:51]} {[%emt 00:01:15]} Rxb2 {[%clk 01:24:16]} {[%emt
00:03:20]} 21. Re1 {[%clk 01:20:11]} {[%emt 00:02:09]} Qf6 {[%clk 01:22:09]}
{[%emt 00:02:37]} 22. Qe3 {[%clk 01:08:12]} {[%emt 00:12:29]} Qe5 {[%clk
01:21:16]} {[%emt 00:01:23]} 23. Qxe5 {[%clk 00:59:03]} {[%emt 00:09:39]} dxe5
{[%clk 01:20:52]} {[%emt 00:00:54]} 24. h3 {[%clk 00:59:20]} {[%emt 00:00:13]}
f6 {[%clk 01:20:12]} {[%emt 00:01:10]} 25. d6+ {[%clk 00:58:05]} {[%emt
00:01:45]} Kh7 {[%clk 01:20:10]} {[%emt 00:00:32]} 26. dxc7 {[%clk 00:56:46]}
{[%emt 00:01:49]} Rb7 {[%clk 01:18:54]} {[%emt 00:01:44]} 27. Rc1 {[%clk
00:55:46]} {[%emt 00:01:32]} Kh6 {[%emt 00:00:53]} 28. Ba6 {[%clk 00:53:17]}
{[%emt 00:02:55]} Ra7 {[%clk 01:17:37]} {[%emt 00:01:28]} 29. c8=Q {[%clk
00:53:32]} {[%emt 00:00:14]} Bxc8 {[%clk 01:17:43]} {[%emt 00:00:25]} 30. Bxc8
{[%clk 00:53:45]} {[%emt 00:00:18]} Rxa2 {[%clk 01:17:28]} {[%emt 00:00:45]}
31. g4 {[%clk 00:50:24]} {[%emt 00:03:49]} Re2 {[%clk 01:16:46]} {[%emt
00:01:13]} 32. Bf5 {[%clk 00:47:57]} {[%emt 00:02:57]} g6 {[%clk 01:16:02]}
{[%emt 00:01:14]} 33. Be6 {[%clk 00:47:17]} {[%emt 00:01:09]} e4 {[%clk
01:14:31]} {[%emt 00:02:02]} 34. Rc3 {[%clk 00:46:57]} {[%emt 00:00:50]} Rd2
{[%clk 01:13:01]} {[%emt 00:02:01]} 35. Kg2 {[%clk 00:45:19]} {[%emt 00:02:07]}
Kg7 {[%clk 01:12:56]} {[%emt 00:00:36]} 36. Re3 {[%clk 00:37:55]} {[%emt
00:07:53]} Rd4 {[%clk 01:13:05]} {[%emt 00:00:21]} 37. f3 {[%clk 00:32:02]}
{[%emt 00:06:23]} exf3+ {[%clk 01:12:44]} {[%emt 00:00:52]} 38. Kxf3 {[%clk
00:31:58]} {[%emt 00:00:34]} f5 {[%clk 01:11:16]} {[%emt 00:01:58]} 39. Bb3
{[%clk 00:28:56]} {[%emt 00:03:31]} Rf4+ {[%clk 01:09:51]} {[%emt 00:01:56]}
40. Kg3 {[%clk 00:28:50]} {[%emt 00:00:35]} Kf8 {[%clk 01:07:55]} {[%emt
00:02:25]} 41. Rf3 {[%clk 00:20:30]} {[%emt 00:08:50]} Rxf3+ {[%clk 01:05:39]}
{[%emt 00:02:47]} 42. Kxf3 {[%clk 00:20:49]} {[%emt 00:00:10]} f4 {[%clk
01:05:51]} {[%emt 00:00:19]} 43. Ke4 {[%clk 00:20:58]} {[%emt 00:00:21]} Kg7
{[%clk 01:05:50]} {[%emt 00:00:31]} 44. Ke5 {[%clk 00:20:57]} {[%emt 00:00:31]}
Kh6 {[%clk 01:06:00]} {[%emt 00:00:19]} 45. Bc2 {[%clk 00:21:08]} {[%emt
00:00:20]} f3 {[%clk 01:06:01]} {[%emt 00:00:29]} 46. Bd3 {[%clk 00:21:31]}
{[%emt 00:00:06]} f2 {[%clk 01:06:23]} {[%emt 00:00:09]} 47. Ke4 {[%clk
00:21:28]} {[%emt 00:00:33]} Kg7 {[%clk 01:06:44]} {[%emt 00:00:09]} 48. Kf3
{[%clk 00:21:52]} {[%emt 00:00:05]} Kh6 {[%clk 01:06:28]} {[%emt 00:00:46]} 49.
Kxf2 {[%clk 00:22:03]} {[%emt 00:00:19]} Kg7 {[%clk 01:06:53]} {[%emt
00:00:05]} 50. Kf3 {[%clk 00:22:20]} {[%emt 00:00:13]} Kh6 {[%clk 01:07:18]}
{[%emt 00:00:04]} 51. Ke4 {[%clk 00:22:44]} {[%emt 00:00:06]} Kg7 {[%clk
01:07:42]} {[%emt 00:00:06]} 52. Ke5 {[%clk 00:23:10]} {[%emt 00:00:04]} Kh7
{[%clk 01:08:01]} {[%emt 00:00:12]} 53. Kf6 {[%clk 00:23:34]} {[%emt 00:00:06]}
Kh6 {[%clk 01:08:21]} {[%emt 00:00:10]} 54. Bb1 {[%clk 00:23:59]} {[%emt
00:00:04]} Kh7 {[%clk 01:08:47]} {[%emt 00:00:04]} 55. Kxg5 {[%clk 00:24:25]}
{[%emt 00:00:04]} Kg7 {[%clk 01:08:58]} {[%emt 00:00:19]} 56. Bxg6 {[%clk
00:24:49]} {[%emt 00:00:06]} Kh8 {[%clk 01:09:17]} {[%emt 00:00:12]} 57. Bb1
{[%clk 00:25:08]} {[%emt 00:00:11]} Kg7 {[%clk 01:09:40]} {[%emt 00:00:06]} 58.
h4 {[%clk 00:25:15]} {[%emt 00:00:23]} Kh8 {[%clk 01:10:06]} {[%emt 00:00:04]}
59. Be4 {[%clk 00:25:30]} {[%emt 00:00:15]} Kg7 {[%clk 01:10:30]} {[%emt
00:00:06]} 60. Ba8 {[%clk 00:25:53]} {[%emt 00:00:07]} Kh8 {[%clk 01:10:54]}
{[%emt 00:00:05]} 61. Kf6 {[%clk 00:25:18]} {[%emt 00:01:06]} Kg8 {[%clk
01:11:14]} {[%emt 00:00:10]} 62. g5 {[%clk 00:25:42]} {[%emt 00:00:05]} Kh8
{[%clk 01:11:29]} {[%emt 00:00:15]} 63. g6 {[%clk 00:26:04]} {[%emt 00:00:08]}
Kg8 {[%clk 01:11:40]} {[%emt 00:00:20]} 64. g7 {[%clk 00:26:11]} {[%emt
00:00:22]} Kh7 {[%clk 01:12:06]} {[%emt 00:00:05]} 65. Bd5 {[%clk 00:26:24]}
{[%emt 00:00:16]} Kh6 {[%clk 01:12:25]} {[%emt 00:00:11]} 66. g8=Q {[%clk
00:26:44]} {[%emt 00:00:10]} Kh5 {[%clk 01:12:41]} {[%emt 00:00:14]} 67. Qg5+
{[%clk 00:27:09]} {[%emt 00:00:05]} 1-0

[Event "DEM U10 2025"]
[Site "Willingen GER"]
[Date "2025.06.09"]
[Round "3"]
[White "Leja, Luis"]
[Black "Sriram, Aumkar"]
[Result "0-1"]
[Termination "normal"]
[Board "14"]
[WhiteElo "1344"]
[BlackElo "1517"]
[WhiteClock "00:34:35"]
[BlackClock "00:54:55"]
[PlyCount "164"]
[WhiteFideId "34699813"]
[BlackFideId "33460477"]
[EventCountry "GER"]
[EventRounds "9"]
[EventType "swiss"]
[EventDate "2025.06.07"]

1. e4 {[%clk 01:30:59]} c5 {[%clk 01:30:55]} {[%emt 00:00:06]} 2. Nc3 {[%clk
01:31:18]} {[%emt 00:00:10]} Nc6 {[%clk 01:31:16]} {[%emt 00:00:09]} 3. g3
{[%clk 01:31:40]} {[%emt 00:00:08]} g6 {[%clk 01:31:33]} {[%emt 00:00:13]} 4.
Bg2 {[%clk 01:31:59]} {[%emt 00:00:12]} Bg7 {[%clk 01:31:59]} {[%emt 00:00:05]}
5. d3 {[%clk 01:32:19]} {[%emt 00:00:09]} d6 {[%clk 01:30:55]} {[%emt
00:01:33]} 6. Nge2 {[%clk 01:32:23]} {[%emt 00:00:26]} Nf6 {[%clk 01:31:03]}
{[%emt 00:00:22]} 7. O-O {[%clk 01:32:30]} {[%emt 00:00:22]} O-O {[%clk
01:31:31]} {[%emt 00:00:03]} 8. Nf4 {[%clk 01:27:31]} {[%emt 00:05:29]} Bg4
{[%clk 01:29:46]} {[%emt 00:02:15]} 9. Qe1 {[%clk 01:27:17]} {[%emt 00:00:44]}
Nd4 {[%clk 01:25:41]} {[%emt 00:04:35]} 10. Qd2 {[%clk 01:26:41]} {[%emt
00:01:06]} Bf3 {[%clk 01:25:15]} {[%emt 00:00:56]} 11. Nce2 {[%clk 01:25:16]}
{[%emt 00:01:56]} Nxe2+ {[%clk 01:23:32]} {[%emt 00:02:12]} 12. Nxe2 {[%clk
01:25:22]} {[%emt 00:00:24]} Bxg2 {[%clk 01:23:51]} {[%emt 00:00:12]} 13. Kxg2
{[%clk 01:25:41]} {[%emt 00:00:11]} d5 {[%clk 01:22:39]} {[%emt 00:01:42]} 14.
f3 {[%clk 01:25:17]} {[%emt 00:00:53]} Qb6 {[%clk 01:21:40]} {[%emt 00:01:29]}
15. Qe1 {[%clk 01:21:09]} {[%emt 00:04:38]} e6 {[%clk 01:16:14]} {[%emt
00:05:57]} 16. Rb1 {[%clk 01:18:40]} {[%emt 00:02:59]} Qc6 {[%clk 01:13:29]}
{[%emt 00:03:15]} 17. Nc3 {[%clk 01:15:37]} {[%emt 00:03:33]} b5 {[%clk
01:09:58]} {[%emt 00:04:01]} 18. b3 {[%clk 01:13:15]} {[%emt 00:02:53]} Nd7
{[%clk 01:06:39]} {[%emt 00:03:48]} 19. Bb2 {[%clk 01:09:30]} {[%emt 00:04:16]}
Nb6 {[%clk 01:04:48]} {[%emt 00:02:21]} 20. Nd1 {[%clk 01:08:26]} {[%emt
00:01:33]} d4 {[%clk 01:04:33]} {[%emt 00:00:46]} 21. Rf2 {[%clk 01:05:50]}
{[%emt 00:03:05]} f5 {[%clk 01:01:36]} {[%emt 00:03:27]} 22. c3 {[%clk
01:03:34]} {[%emt 00:02:47]} fxe4 {[%clk 01:01:15]} {[%emt 00:00:52]} 23. Qxe4
{[%clk 01:00:33]} {[%emt 00:03:30]} Qxe4 {[%clk 01:01:36]} {[%emt 00:00:09]}
24. dxe4 {[%clk 01:00:18]} {[%emt 00:00:45]} e5 {[%clk 01:01:42]} {[%emt
00:00:25]} 25. Ba3 {[%clk 00:59:54]} {[%emt 00:00:54]} dxc3 {[%clk 01:01:26]}
{[%emt 00:00:46]} 26. Bxc5 {[%clk 00:56:44]} {[%emt 00:03:39]} Rfc8 {[%clk
01:01:38]} {[%emt 00:00:18]} 27. Bxb6 {[%clk 00:56:56]} {[%emt 00:00:18]} axb6
{[%clk 01:02:08]} 28. Rc1 {[%clk 00:57:04]} {[%emt 00:00:21]} b4 {[%clk
01:02:12]} {[%emt 00:00:27]} 29. Ne3 {[%clk 00:55:48]} {[%emt 00:01:45]} Bf8
{[%clk 01:01:26]} {[%emt 00:01:16]} 30. Nc4 {[%clk 00:54:28]} {[%emt 00:01:51]}
Bc5 {[%clk 00:57:16]} {[%emt 00:04:40]} 31. Re2 {[%clk 00:52:23]} {[%emt
00:02:34]} Re8 {[%clk 00:56:44]} {[%emt 00:01:02]} 32. Rcc2 {[%clk 00:50:16]}
{[%emt 00:02:33]} b5 {[%clk 00:55:06]} {[%emt 00:02:13]} 33. Ne3 {[%clk
00:50:36]} {[%emt 00:00:09]} Bxe3 {[%clk 00:55:34]} {[%emt 00:00:02]} 34. Rxe3
{[%clk 00:50:52]} {[%emt 00:00:14]} Red8 {[%clk 00:55:59]} {[%emt 00:00:05]}
35. Ree2 {[%clk 00:51:11]} {[%emt 00:00:11]} Rd7 {[%clk 00:55:14]} {[%emt
00:01:15]} 36. Kf2 {[%clk 00:50:39]} {[%emt 00:01:02]} Rad8 {[%clk 00:55:22]}
{[%emt 00:00:21]} 37. f4 {[%clk 00:49:51]} {[%emt 00:01:18]} exf4 {[%clk
00:55:19]} {[%emt 00:00:34]} 38. gxf4 {[%clk 00:50:10]} {[%emt 00:00:11]} Rd2
{[%clk 00:55:34]} {[%emt 00:00:14]} 39. Ke3 {[%clk 00:49:10]} {[%emt 00:01:30]}
R2d3+ {[%clk 00:53:54]} {[%emt 00:02:10]} 40. Kf2 {[%clk 00:49:19]} {[%emt
00:00:21]} Kf7 {[%clk 00:53:58]} {[%emt 00:00:26]} 41. Kf1 {[%clk 00:43:55]}
{[%emt 00:05:54]} Rf3+ {[%clk 00:50:31]} {[%emt 00:03:57]} 42. Ke1 {[%clk
00:42:22]} {[%emt 00:02:03]} Rxf4 {[%clk 00:50:16]} {[%emt 00:00:44]} 43. Rf2
{[%clk 00:42:12]} {[%emt 00:00:41]} Rxf2 {[%clk 00:50:35]} {[%emt 00:00:11]}
44. Kxf2 {[%clk 00:42:16]} {[%emt 00:00:25]} Rd1 {[%clk 00:50:37]} {[%emt
00:00:28]} 45. Ke2 {[%clk 00:41:31]} {[%emt 00:01:14]} Rb1 {[%clk 00:50:33]}
{[%emt 00:00:34]} 46. Kd3 {[%clk 00:40:46]} {[%emt 00:01:16]} Rb2 {[%clk
00:50:24]} {[%emt 00:00:39]} 47. Rxb2 {[%clk 00:40:42]} {[%emt 00:00:33]} cxb2
{[%clk 00:50:53]} {[%emt 00:00:01]} 48. Kc2 {[%clk 00:40:59]} {[%emt 00:00:13]}
Ke6 {[%clk 00:51:19]} {[%emt 00:00:05]} 49. Kxb2 {[%clk 00:41:24]} {[%emt
00:00:05]} Ke5 {[%clk 00:51:32]} {[%emt 00:00:17]} 50. a3 {[%clk 00:41:46]}
{[%emt 00:00:07]} Kxe4 {[%clk 00:51:16]} {[%emt 00:00:46]} 51. a4 {[%clk
00:41:51]} {[%emt 00:00:26]} bxa4 {[%clk 00:51:38]} {[%emt 00:00:07]} 52. bxa4
{[%clk 00:42:14]} {[%emt 00:00:07]} Kd4 {[%clk 00:51:50]} {[%emt 00:00:18]} 53.
Kb3 {[%clk 00:42:15]} {[%emt 00:00:30]} Kc5 {[%clk 00:52:08]} {[%emt 00:00:12]}
54. a5 {[%clk 00:42:36]} {[%emt 00:00:08]} Kb5 {[%clk 00:52:21]} {[%emt
00:00:16]} 55. a6 {[%clk 00:42:37]} {[%emt 00:00:30]} Kxa6 {[%clk 00:52:48]}
{[%emt 00:00:03]} 56. Kxb4 {[%clk 00:43:00]} {[%emt 00:00:07]} Kb6 {[%clk
00:53:18]} {[%emt 00:00:01]} 57. Kc4 {[%clk 00:43:21]} {[%emt 00:00:08]} Kc6
{[%clk 00:53:47]} 58. Kd4 {[%clk 00:42:48]} {[%emt 00:01:03]} Kd6 {[%clk
00:54:08]} {[%emt 00:00:08]} 59. Ke4 {[%clk 00:43:06]} {[%emt 00:00:12]} Ke6
{[%clk 00:54:23]} {[%emt 00:00:15]} 60. Kf4 {[%clk 00:43:22]} {[%emt 00:00:14]}
Kf6 {[%clk 00:53:57]} {[%emt 00:00:57]} 61. Kg4 {[%clk 00:43:25]} {[%emt
00:01:39]} h6 {[%clk 00:53:53]} {[%emt 00:00:35]} 62. h4 {[%clk 00:43:16]}
{[%emt 00:00:39]} Ke5 {[%clk 00:54:08]} {[%emt 00:00:15]} 63. Kf3 {[%clk
00:42:59]} {[%emt 00:00:46]} Kf5 {[%clk 00:54:29]} {[%emt 00:00:10]} 64. Kg3
{[%clk 00:42:48]} {[%emt 00:00:40]} Ke4 {[%clk 00:52:05]} {[%emt 00:02:55]} 65.
h5 {[%clk 00:41:38]} {[%emt 00:01:40]} g5 {[%clk 00:52:06]} {[%emt 00:00:29]}
66. Kg4 {[%clk 00:41:06]} {[%emt 00:01:01]} Ke5 {[%clk 00:51:44]} {[%emt
00:00:53]} 67. Kf3 {[%clk 00:37:56]} {[%emt 00:03:41]} Kd4 {[%clk 00:50:39]}
{[%emt 00:01:35]} 68. Kg4 {[%clk 00:32:42]} {[%emt 00:05:43]} Ke4 {[%clk
00:50:02]} {[%emt 00:01:07]} 69. Kg3 {[%clk 00:31:54]} {[%emt 00:01:18]} Kf5
{[%clk 00:50:04]} {[%emt 00:00:29]} 70. Kh3 {[%clk 00:30:51]} {[%emt 00:01:32]}
Kf4 {[%clk 00:50:23]} {[%emt 00:00:12]} 71. Kg2 {[%clk 00:31:08]} {[%emt
00:00:12]} Kg4 {[%clk 00:50:45]} {[%emt 00:00:08]} 72. Kf2 {[%clk 00:31:30]}
{[%emt 00:00:08]} Kxh5 {[%clk 00:51:06]} {[%emt 00:00:09]} 73. Kg3 {[%clk
00:31:54]} {[%emt 00:00:06]} g4 {[%emt 00:00:19]} 74. Kg2 {[%clk 00:32:14]}
{[%emt 00:00:02]} Kh4 {[%clk 00:51:52]} {[%emt 00:00:04]} 75. Kh2 {[%clk
00:32:35]} {[%emt 00:00:09]} g3+ {[%clk 00:52:12]} {[%emt 00:00:10]} 76. Kg2
{[%clk 00:32:57]} {[%emt 00:00:07]} Kg4 {[%clk 00:52:36]} {[%emt 00:00:06]} 77.
Kf1 {[%clk 00:32:51]} {[%emt 00:00:36]} Kf3 {[%clk 00:53:00]} {[%emt 00:00:06]}
78. Kg1 {[%clk 00:33:13]} {[%emt 00:00:08]} g2 {[%clk 00:53:26]} {[%emt
00:00:04]} 79. Kh2 {[%clk 00:33:26]} {[%emt 00:00:17]} Kf2 {[%clk 00:53:50]}
{[%emt 00:00:06]} 80. Kh3 {[%clk 00:33:50]} {[%emt 00:00:06]} g1=Q {[%clk
00:54:13]} {[%emt 00:00:07]} 81. Kh4 {[%clk 00:34:15]} {[%emt 00:00:05]} Qg5+
{[%clk 00:54:33]} {[%emt 00:00:11]} 82. Kh3 {[%clk 00:34:35]} {[%emt 00:00:10]}
Qg3+ {[%clk 00:54:55]} {[%emt 00:00:07]} 0-1

[Event "DEM U10 2025"]
[Site "Willingen GER"]
[Date "2025.06.09"]
[Round "3"]
[White "Kindermann, Justus"]
[Black "Khadem Aljamea, Adam"]
[Result "0-1"]
[Termination "normal"]
[Board "15"]
[WhiteElo "1635"]
[BlackElo "1472"]
[WhiteClock "00:12:35"]
[BlackClock "00:46:46"]
[PlyCount "64"]
[WhiteFideId "34678840"]
[BlackFideId "533012989"]
[EventCountry "GER"]
[EventRounds "9"]
[EventType "swiss"]
[EventDate "2025.06.07"]

1. d4 {[%clk 01:30:59]} d5 {[%clk 01:30:29]} {[%emt 00:00:31]} 2. Nc3 {[%clk
01:31:23]} {[%emt 00:00:05]} Nf6 {[%clk 01:30:05]} {[%emt 00:00:53]} 3. Bf4
{[%clk 01:31:37]} {[%emt 00:00:17]} c6 {[%clk 01:30:05]} {[%emt 00:00:30]} 4.
e3 {[%clk 01:31:30]} {[%emt 00:00:37]} Bf5 {[%clk 01:29:33]} {[%emt 00:01:02]}
5. f3 {[%clk 01:30:03]} {[%emt 00:01:57]} e6 {[%clk 01:28:58]} {[%emt
00:01:05]} 6. g4 {[%clk 01:29:37]} {[%emt 00:00:56]} Bg6 {[%clk 01:29:19]}
{[%emt 00:00:09]} 7. h4 {[%clk 01:29:54]} {[%emt 00:00:12]} h6 {[%clk
01:28:29]} {[%emt 00:01:21]} 8. Bd3 {[%clk 01:27:49]} {[%emt 00:02:34]} Bb4
{[%clk 01:26:49]} {[%emt 00:02:10]} 9. Bxg6 {[%clk 01:24:51]} {[%emt 00:03:29]}
fxg6 {[%clk 01:25:13]} {[%emt 00:02:05]} 10. Nge2 {[%clk 01:21:09]} {[%emt
00:04:12]} Nbd7 {[%clk 01:22:56]} {[%emt 00:02:47]} 11. Qd3 {[%clk 01:20:25]}
{[%emt 00:01:13]} Nf8 {[%clk 01:21:14]} {[%emt 00:02:13]} 12. O-O-O {[%clk
01:16:48]} {[%emt 00:04:06]} Bd6 {[%clk 01:15:52]} {[%emt 00:05:53]} 13. Rhg1
{[%clk 01:12:48]} {[%emt 00:04:28]} h5 {[%clk 01:14:12]} {[%emt 00:02:13]} 14.
g5 {[%clk 01:12:18]} {[%emt 00:00:59]} Ng8 {[%clk 01:09:59]} {[%emt 00:04:44]}
15. e4 {[%clk 01:07:05]} {[%emt 00:05:40]} Qc7 {[%clk 01:06:59]} {[%emt
00:03:33]} 16. Bg3 {[%clk 01:01:10]} {[%emt 00:06:22]} Bxg3 {[%clk 01:05:51]}
{[%emt 00:01:41]} 17. Rxg3 {[%clk 00:54:43]} {[%emt 00:06:57]} O-O-O {[%clk
01:02:59]} {[%emt 00:03:22]} 18. exd5 {[%clk 00:49:38]} {[%emt 00:05:35]} exd5
{[%clk 00:59:59]} {[%emt 00:03:30]} 19. Qe3 {[%clk 00:47:56]} {[%emt 00:02:07]}
Ne7 {[%clk 00:54:16]} {[%emt 00:06:18]} 20. Rh3 {[%clk 00:39:11]} {[%emt
00:09:12]} Nf5 {[%clk 00:51:59]} {[%emt 00:02:49]} 21. Qf4 {[%clk 00:36:35]}
{[%emt 00:03:07]} Ne6 {[%clk 00:52:10]} {[%emt 00:00:20]} 22. Qxc7+ {[%clk
00:35:13]} {[%emt 00:01:52]} Kxc7 {[%clk 00:52:23]} {[%emt 00:00:16]} 23. Nb1
{[%clk 00:31:51]} {[%emt 00:03:47]} Rhf8 {[%clk 00:49:48]} {[%emt 00:03:10]}
24. c3 {[%clk 00:30:06]} {[%emt 00:02:14]} Kd6 {[%clk 00:48:56]} {[%emt
00:01:23]} 25. Rd3 {[%clk 00:25:47]} {[%emt 00:04:35]} Rde8 {[%clk 00:48:41]}
{[%emt 00:00:59]} 26. Nd2 {[%clk 00:23:10]} {[%emt 00:03:02]} Nxg5 {[%clk
00:47:20]} {[%emt 00:01:55]} 27. hxg5 {[%clk 00:21:47]} {[%emt 00:01:54]} Rxe2
{[%emt 00:00:29]} 28. f4 {[%emt 00:04:28]} Rfe8 {[%clk 00:46:42]} {[%emt
00:01:17]} 29. c4 {[%clk 00:14:46]} {[%emt 00:03:25]} Rf2 {[%clk 00:46:24]}
{[%emt 00:00:48]} 30. cxd5 {[%clk 00:14:32]} {[%emt 00:00:44]} Kxd5 {[%clk
00:46:38]} {[%emt 00:00:16]} 31. Rb3 {[%clk 00:12:35]} {[%emt 00:02:26]} Nxd4
{[%clk 00:46:27]} {[%emt 00:00:41]} 32. Rxb7 {[%emt 00:00:36]} Re1# {[%clk
00:46:46]} {[%emt 00:00:10]} 0-1

[Event "DEM U10 2025"]
[Site "Willingen GER"]
[Date "2025.06.09"]
[Round "3"]
[White "Gheng, Hannes Lucas"]
[Black "Solar, Mavi"]
[Result "0-1"]
[Termination "normal"]
[Board "16"]
[WhiteElo "1483"]
[BlackElo "1297"]
[WhiteClock "00:02:59"]
[BlackClock "00:02:53"]
[PlyCount "50"]
[WhiteFideId "34606890"]
[BlackFideId "533008973"]
[EventCountry "GER"]
[EventRounds "9"]
[EventType "swiss"]
[EventDate "2025.06.07"]

1. e4 {[%clk 01:30:52]} {[%emt 00:00:08]} e6 {[%clk 01:30:56]} {[%emt
00:00:05]} 2. d4 {[%clk 01:31:17]} {[%emt 00:00:05]} d5 {[%clk 01:31:22]}
{[%emt 00:00:05]} 3. Nd2 {[%clk 01:31:42]} {[%emt 00:00:05]} c5 {[%clk
01:31:27]} {[%emt 00:00:24]} 4. exd5 {[%clk 01:32:04]} {[%emt 00:00:07]} exd5
{[%clk 01:31:47]} {[%emt 00:00:11]} 5. dxc5 {[%clk 01:31:58]} {[%emt 00:00:37]}
Bxc5 {[%clk 01:31:31]} {[%emt 00:00:45]} 6. Ngf3 {[%clk 01:32:16]} {[%emt
00:00:11]} Nf6 {[%clk 01:31:43]} {[%emt 00:00:19]} 7. Bd3 {[%clk 01:32:21]}
{[%emt 00:00:25]} O-O {[%clk 01:31:39]} {[%emt 00:00:35]} 8. O-O {[%clk
01:32:09]} {[%emt 00:00:41]} Bg4 {[%clk 01:30:41]} {[%emt 00:01:28]} 9. h3
{[%clk 01:29:59]} {[%emt 00:02:40]} Bh5 {[%clk 01:27:09]} {[%emt 00:04:02]} 10.
Nb3 {[%clk 01:30:04]} {[%emt 00:00:26]} Bb6 {[%clk 01:26:57]} {[%emt 00:00:43]}
11. c3 {[%clk 01:25:00]} {[%emt 00:05:31]} Nc6 {[%clk 01:24:40]} {[%emt
00:02:49]} 12. Bg5 {[%clk 01:21:49]} {[%emt 00:03:40]} Qd6 {[%clk 01:02:18]}
{[%emt 00:22:53]} 13. c4 {[%clk 01:08:30]} {[%emt 00:13:49]} Ne5 {[%clk
00:49:59]} {[%emt 00:12:50]} 14. Be2 {[%clk 01:07:06]} {[%emt 00:01:54]} Bc7
{[%clk 00:40:33]} {[%emt 00:09:56]} 15. g3 {[%clk 00:46:33]} {[%emt 00:21:03]}
Ne4 {[%clk 00:13:36]} {[%emt 00:27:28]} 16. Bf4 {[%clk 00:44:40]} {[%emt
00:02:22]} Nxf3+ {[%clk 00:12:02]} {[%emt 00:02:03]} 17. Bxf3 {[%clk 00:44:08]}
{[%emt 00:01:04]} Bxf3 {[%clk 00:05:36]} {[%emt 00:06:55]} 18. Qxf3 {[%clk
00:44:29]} {[%emt 00:00:08]} Qf6 {[%clk 00:03:03]} {[%emt 00:03:03]} 19. cxd5
{[%clk 00:42:32]} {[%emt 00:02:28]} Ng5 {[%clk 00:02:48]} {[%emt 00:00:45]} 20.
Qg4 {[%clk 00:41:52]} {[%emt 00:01:10]} Bxf4 {[%clk 00:02:46]} {[%emt
00:00:32]} 21. gxf4 {[%clk 00:40:48]} {[%emt 00:01:34]} Ne4 {[%clk 00:03:02]}
{[%emt 00:00:15]} 22. Rfe1 {[%clk 00:39:53]} {[%emt 00:01:24]} Nd6 {[%clk
00:02:45]} {[%emt 00:00:48]} 23. Re2 {[%clk 00:03:00]} {[%emt 00:37:21]} Kh8
{[%clk 00:02:45]} {[%emt 00:00:31]} 24. Rae1 {[%clk 00:03:09]} {[%emt
00:00:22]} Rg8 {[%clk 00:02:57]} {[%emt 00:00:19]} 25. Kh2 {[%clk 00:02:59]}
{[%emt 00:00:39]} g5 {[%clk 00:02:53]} {[%emt 00:00:34]} 0-1